Delay and disruption claims in construction (Record no. 113148)

MARC details
000 -LEADER
fixed length control field 00914cam a22002655a 4500
001 - CONTROL NUMBER
control field L154781
008 - FIXED-LENGTH DATA ELEMENTS--GENERAL INFORMATION
fixed length control field 120118s2011 xxk f 000 0 eng d
020 ## - INTERNATIONAL STANDARD BOOK NUMBER
International Standard Book Number 9780727757050
035 ## - SYSTEM CONTROL NUMBER
System control number (Sirsi) u154781
041 0# - LANGUAGE CODE
Language code of text/sound track or separate title eng
050 04 - LIBRARY OF CONGRESS CALL NUMBER
Classification number BASEMENT
100 1# - MAIN ENTRY--PERSONAL NAME
Personal name Haidar, Ali
245 00 - TITLE STATEMENT
Title Delay and disruption claims in construction
Remainder of title a practical approach
260 ## - PUBLICATION, DISTRIBUTION, ETC.
Place of publication, distribution, etc. London
Name of publisher, distributor, etc. Thomas Telford
Date of publication, distribution, etc. 2011
350 ## - PRICE (NR) (BK AM CF MU VM SE) [OBSOLETE]
Price 37.50
520 ## - SUMMARY, ETC.
Summary, etc. Details delay and disruption claims in construction within technical, contractual and legal parameters. Includes information on assessment techniques, guidance on presenting different claims, methods for calculating costs and case studies.
520 ## - SUMMARY, ETC.
Summary, etc. Superseded by 3 ed ISBN 9780727761973
521 ## - TARGET AUDIENCE NOTE
Target audience note S
590 ## - LOCAL NOTE (RLIN)
Local note KA
651 #4 - SUBJECT ADDED ENTRY--GEOGRAPHIC NAME
Geographic name England and Wales
Chronological subdivision 1543-
690 ## - LOCAL SUBJECT ADDED ENTRY--TOPICAL TERM (OCLC, RLIN)
Topical term or geographic name as entry element Construction management
9 (RLIN) 6230
700 1# - ADDED ENTRY--PERSONAL NAME
Personal name Barnes, Peter
942 ## - ADDED ENTRY ELEMENTS (KOHA)
Suppress in OPAC 0
Holdings
Withdrawn status Lost status Source of classification or shelving scheme Damaged status Not for loan Home library Current library Shelving location Date acquired Total Checkouts Full call number Barcode Date last seen Copy number Price effective from Koha item type
    Dewey Decimal Classification     London London Basement 18/01/2012   BASEMENT 61 30079637 06/08/2019 1 06/08/2019 Book